25 Cities to Countries #7 - Statistics

General Stats
  • This quiz has been taken 44 times
  • The average score is 14 of 25
Answer Stats
Hint Answer % Correct
Izmir Turkey
86%
Limassol Cyprus
81%
Dnipro Ukraine
79%
Siem Reap Cambodia
74%
Varanasi India
74%
Suva Fiji
71%
Bridgetown Barbados
69%
Windsor Canada
69%
Odense Denmark
67%
Debrecen Hungary
67%
Padua Italy
67%
Saltillo Mexico
62%
Ostrava Czech Republic
60%
Enugu Nigeria
55%
Al Ain UAE
52%
Bujumbura Burundi
50%
Hastings New Zealand
50%
Tanta Egypt
48%
Batam Indonesia
43%
Kandy Sri Lanka
40%
Gifu Japan
38%
Colon Panama
38%
Seeb Oman
31%
Choibalsan Mongolia
26%
Bouake Ivory Coast
21%
No matching quizzes found
Score Distribution
Percent of People with Each Score
Percentile by Number Answered
Your Score History
You have not taken this quiz